00492nam a2200181 a 4500001001300000003000900013005001700022008004100039020001000080082001600090245002200106260004700128300000900175500003500184505003100219650002700250710003300277nice12345678IN_TiNIC20260116011306.0050524s1881 beia grs 000 0 03g  ac10000a207.11bASS aSharh-Ul-Mithalat aBeirutbAmerican Sunday School Unionc1881 a383p aincludes index and biblioraphy2 aNotes, Bibliography, Index aTheological-Seminaries2 aAmerican Sunday School Union